000 00614nam a2200205Ia 4500
005 20250507130241.0
008 008 250505s9999 xx 000 0 eng d
037 _aSeries Article
040 _aEASL
_beng
_cEASL
041 _aeng
_2eng
084 _qEASL
100 _aTanner Murray Scot
_9669098
245 0 _aPrincipal and secret agents:Central vs. local control over policing and obstacles to "rule of low"in China
260 _aUK
_bUK Cambridge Univesity Press UK
_c2007
300 _a644-674
650 _aChina
700 _aGreen Eric
942 _cSRA
999 _c1318572
_d1318572